| 000 | 00870nam a2200253Ia 4500 | ||
|---|---|---|---|
| 005 | 20230608143350.0 | ||
| 008 | 130821s2012 xxua gr eng | ||
| 020 | _a9780078022494 | ||
| 040 |
_aCo-BoUCM _bspa _cDavid Moreno _dDavid Moreno |
||
| 041 | 0 | 0 | _aeng |
| 060 | 4 | _aWE 103 | |
| 100 | 1 |
_aPayne, V. Gregory _9159858 |
|
| 245 | 1 | 0 |
_aHuman motor development a lifespan approach _cV.Gregory Payne, Larry D. Isaacs |
| 260 |
_aNueva York (Estados Unidos) _bMcGraw-Hill _c2012 |
||
| 300 |
_axxvi, 540 páginas _bilustraciones, cuadros, gráficas |
||
| 650 | 0 | 4 |
_aAptitud motora en los niños _996 |
| 650 | 0 | 4 |
_aAptitud motora _99280 |
| 650 | 0 | 4 |
_aDesarrollo infantil _912971 |
| 650 | 0 | 4 |
_aLocomoción _918782 |
| 650 | 0 | 4 |
_aMovimiento _919811 |
| 650 | 0 | 4 |
_aOrtopedia _926544 |
| 700 | 1 |
_aIsaacs, Larry D. _9159859 |
|
| 942 |
_cLIBRO _a15 _e1 _mP346h _2NLM _hWE 103 _n0 |
||
| 999 |
_c38887 _d38887 |
||